[Event "Oberliga Sued W 1011"]
[Site "Germany"]
[Date "2011.02.27"]
[Round "7.3"]
[White "Bastian, Martin"]
[Black "Kuklin, Valentin"]
[Result "0-1"]
[WhiteElo "2212"]
[BlackElo "2238"]
[PlyCount "82"]
[EventDate "2010.10.10"]
[EventType "team-tourn"]
[EventRounds "9"]
[EventCountry "GER"]
[SourceTitle "EXT 2012"]
[Source "ChessBase"]
[SourceDate "2011.11.24"]
[SourceVersion "1"]
[SourceVersionDate "2011.11.24"]
[SourceQuality "1"]
[WhiteTeam "Saarbruecken Gambit"]
[BlackTeam "Saarbruecken SVG"]
[WhiteTeamCountry "GER"]
[BlackTeamCountry "GER"]

1. e4 e6 2. d4 d5 3. e5 c5 4. c3 Nc6 5. Nf3 Qb6 6. a3 Bd7 7. b4 cxd4 8. cxd4 Rc8 9. Bb2 Na5 10. Nbd2 Nc4 11. Nxc4 dxc4 12. Rc1 a5 13. Nd2 axb4 14. Nxc4 Qd8 15. axb4 Bxb4+ 16. Bc3 Bxc3+ 17. Rxc3 Kf8 18. Ra3 Bc6 19. Nd6 Ra8 20. Qa1 Rxa3 21. Qxa3 Ne7 22. Bd3 Bxg2 23. Rg1 Bd5 24. Rg4 f5 25. Rg3 g6 26. Bb5 Kg7 27. Rc3 Rf8 28. Qa7 Kg8 29. Bc4 Qa8 30. Qc5 Qa1+ 31. Kd2 Qg1 32. Ke2 f4 33. Bxd5 Nxd5 34. Rf3 Ra8 35. Ne4 Qb1 36. Nd2 Qf5 37. Qb5 Ra2 38. Ke1 Ra1+ 39. Ke2 Ra2 40. Ke1 Qg4 41. h3 Ra1+ 0-1

[Event "BL2-Sued 0910"]
[Site "Germany"]
[Date "2010.03.21"]
[Round "8.4"]
[White "Labeckas, Kestutis"]
[Black "Kuklin, Valentin"]
[Result "1-0"]
[WhiteElo "2403"]
[BlackElo "2312"]
[PlyCount "69"]
[EventDate "2009.10.18"]
[EventType "team-tourn"]
[EventRounds "9"]
[EventCountry "GER"]
[SourceTitle "EXT 2011"]
[Source "ChessBase"]
[SourceDate "2010.11.26"]
[SourceVersion "1"]
[SourceVersionDate "2010.11.26"]
[SourceQuality "1"]
[WhiteTeam "Schwegenheim"]
[BlackTeam "Saarbruecken"]
[WhiteTeamCountry "GER"]
[BlackTeamCountry "GER"]

1. d4 Nf6 2. c4 c5 3. d5 e6 4. Nc3 exd5 5. cxd5 d6 6. e4 g6 7. h3 Bg7 8. Nf3 0-0 9. Bd3 a6 10. a4 Nh5 11. 0-0 Nd7 12. g4 Nhf6 13. Bf4 Qe7 14. Re1 h5 15. e5 dxe5 16. Nxe5 Nxe5 17. Rxe5 Qd6 18. Qd2 hxg4 19. h4 Qd8 20. Rae1 Nh5 21. Bg5 f6 22. Bxg6 fxg5 23. Bxh5 gxh4 24. Re7 Qd6 25. Rxg7+ Kxg7 26. Qg5+ Kh8 27. Bg6 Qf4 28. Qh5+ Kg7 29. Qh7+ Kf6 30. Ne4+ Ke5 31. Qe7+ Kxd5 32. Rd1+ Kc4 33. Qxc5+ Kb3 34. Qa3+ Kc2 35. Qd3+ 1-0